000
00333nam a2200145Ia 4500
008
230718s9999 xx 000 0 und d
041
_a
Eng.
082
_a
1.42
_b
BES-R
100
_a
Best, Then W.
245
0
_a
Research in Education
260
_a
Pakistan
_b
Love Mall Labove
_c
2006
300
_a
438
650
_a
Law
999
_c
28701
_d
28701